[Event "IND-ch U15 Girls"]
[Site "New Delhi"]
[Date "2010.09.04"]
[Round "1"]
[White "Kaur, Palkin"]
[Black "Srija, Seshadri"]
[Result "0-1"]
[WhiteElo "1381"]
[BlackElo "1832"]
[PlyCount "52"]
[EventDate "2010.09.04"]
[EventType "swiss"]
[EventRounds "11"]
[EventCountry "IND"]
[SourceTitle "CBM 138 Extra"]
[Source "ChessBase"]
[SourceDate "2010.10.29"]
[SourceVersion "1"]
[SourceVersionDate "2010.10.29"]
[SourceQuality "1"]

1. e4 e5 2. Nf3 Nc6 3. Bc4 Bc5 4. c3 Nf6 5. d4 exd4 6. e5 d5 7. Bb5 Ne4 8. cxd4 Bb4+ 9. Bd2 Nxd2 10. Bxc6+ bxc6 11. Nbxd2 0-0 12. 0-0 Bg4 13. h3 Bh5 14. Nb3 f6 15. Qd3 Bxf3 16. gxf3 fxe5 17. dxe5 Qg5+ 18. Kh1 Qxe5 19. Rab1 Bd6 20. f4 Rxf4 21. Qg3 Raf8 22. Kg1 R8f6 23. Qe3 Rg6+ 24. Kh1 Rf3 25. Qxe5 Rxh3+ 26. Qh2 Rxh2# 0-1